000 00680cam a2200229 a 4500
001 000007761
005 20200929154305.0
008 990602s1999 sp 001 f spa
020 _a8420790702
040 _aDO-SdBNP
_bspa
_cDLC
_dDLC
_dBNPHU
082 _a863.64
_bV622f
100 1 _aVias Mahou, Berta,
_d1961-
_921452
245 1 0 _aFuera del alcance de los niños /
_cBerta Vias Mahou.
260 _aMadrid :
_bAnaya,
_c1999.
300 _a150 p. ;
_c23 cm.
490 1 _aEspacio Abierto
_v72
650 4 _aNovela española
_91123
650 4 _aLiteratura española
_9632
830 0 _aEspacio Abierto ;
_v72
_921453
910 _aCatalogación por copia / LC
049 _aBNGR
999 _c7539
_d7539